000 01030cam a22002531i 4500
003 SA-RiAUC
005 20250512082925.0
008 250512s1989 su g e i000 0 ara c
040 _aQA-DoFIS
_bara
_cSA-RiAUC.
_erda
050 4 _b.W67 1989
082 0 4 _a200.3
_qSA-RiAUC
090 _a200.3
_b ن د و
110 2 _aالندوة العالمية للشباب الإسلامي
_eمؤلف.
245 1 2 _aالموسوعة الميسرة في الأديان والمذاهب المعاصرة /
_cالندوة العالمية للشباب الإسلامي.
250 _aالطبعة الثانية.
264 1 _aالرياض :
_bدار الندوة العالمية للشباب الإسلامي،
_c1989
300 _aمجلدات؛
_c24 سم.
336 _aنص
_btxt
_2rdacontent
_3كتاب
337 _aبدون وسيط
_bn
_2rdamedia
338 _aمجلد
_bnc
_2rdacarrier
650 7 _aالديانات
_vدوائر معارف
_2aucsh
942 _2ddc
_cBOOK
_n0
949 _aSA-JeALM
_d250512
_umohamedma123
_n1
999 _c7846
_d7846